LEADER 01014nam a2200265 i 4500 001 000000150643 003 CaOOAMICUS 005 20251023100038.0 008 060601s1996 it u000 u ita u 013 $a127981 020 $a88-86838-20-4 040 $aSeMil$bita 100 1 $aDickens, Charles,$d<1812-1870>.$0(OLS)http://semarc/name/6853 245 10$aAmerica /$cCharles Dickens. 260 $aRoma :$bAtlantide,$cstampa 1996. 300 $aVIII, 100 p. ;$c19 cm. 490 0 $aLiberal : il pensiero civile degli scrittori ;$v5 830 0$aLiberal : il pensiero civile degli scrittori ;$v5.$0(OLS)http://semarc/title/19486 850 $aSeMil 852 $aSeMil$W1$xVenegono$y1$m1394 2 5 *$j102735$B102735$CSeMilBibl$Z2$F111908 $81 961 $aOmaggio: Conti don Ermenegildo 996 $6020$a88-86838-20-4$9(OLS)http://semarc/number/140087 996 $6245$aAmerica$9(OLS)http://semarc/title/170613 996 $6260$aRoma :$bAtlantide$9(OLS)http://semarc/publisher/33983 LEADER 01042nam a2200217 i 4500 001 000000071441 003 CaOOAMICUS 005 20081121000000.0 008 081121s1934 it u000 u lat u 013 $a42613 040 $aSeMil$bita 100 1 $aDe Vio, Tommaso,$c.$0(OLS)http://semarc/name/89783 245 10$aScripta philosophica :$bopuscula oeconomico-socialia /$cThomas de Vio Cardinalis Caietanus (1469-1534) ; editionem curavit P. P. Zammit. 260 $aRomae :$bEx typographia missionaria dominicana,$c1934. 300 $aVIII, 185 p. ;$c22 cm. 650 4$aTeologia e scienze sociali e economiche.$0(OLS)http://semarc/subject/12083 700 1 $aZammit, Paulus N. .$0(OLS)http://semarc/name/35499 850 $aSeMil 852 $aSeMil$W1$xVenegono$y1$m2P IV 136$j37594$B37594$CSeMilBibl$Z2$F37597 $81 996 $6245$aScripta philosophica :$bopuscula oeconomico-socialia$9(OLS)http://semarc/title/114874 996 $6260$aRomae :$bEx typographia missionaria dominicana$9(OLS)http://semarc/publisher/42956